000 00612nam a2200229Ia 4500
003 OSt
005 20220928102103.0
006 a|||||r|||| 00| 0
007 ta
008 220927b |||||||| |||| 00| 0 eng d
024 _a58153
037 _cTextual
040 _aSDCL
_cSDCL
_beng
041 _2eng
_aeng
082 _aO152,3NN,,1, N5
100 _aRay Mohan Dass Namish
_9396514
245 0 _aApane apane pinjare.
260 _aNew Delhi
_bVani Prakashan
_c1995
300 _a141p.
_ccm.
942 _hO152,3NN,,1, N5
_cTEXL
_2CC
999 _c712249
_d712249